000 00216 a2200097 4500
001 18626
100 _aAlisry A.M
245 _aAbul ambia hazrat Ibrahim
260 _a
_bNafees academy
_c1971
090 _c13853
_d13853
942 _aNUST-CAE
_cM
_c4284
999 _c253699
_d253699